ბათუმის შოთა რუსთაველის სახელმწიფო უნივერსიტეტის ბიბლიოთეკა

საქართველოს ეთნოლოგია (ბიბ.ჩანაწერი № 34776)

000 -LEADER
fixed length control field 00755nam a2200217Ia 4500
001 - CONTROL NUMBER
control field 586
003 - CONTROL NUMBER IDENTIFIER
control field GE_BSU
008 - FIXED-LENGTH DATA ELEMENTS--GENERAL INFORMATION
fixed length control field 181216s||||||||xx |||||||||||||| ||und||
020 ## - INTERNATIONAL STANDARD BOOK NUMBER
International Standard Book Number 9789941130410
040 ## - CATALOGING SOURCE
Transcribing agency GE_BSU
080 ## - UNIVERSAL DECIMAL CLASSIFICATION NUMBER
Universal Decimal Classification number 39(=35.1)(075.8)
245 ## - TITLE STATEMENT
Title საქართველოს ეთნოლოგია
245 ## - TITLE STATEMENT
Remainder of title სახელმძღვანელო უნივ–ს ჰუმანიტარული სპეც.სტუდ.
260 ## - PUBLICATION, DISTRIBUTION, ETC.
Place of publication, distribution, etc. თბილისი
260 ## - PUBLICATION, DISTRIBUTION, ETC.
Name of publisher, distributor, etc. თბილისის უნივერსიტეტის გამ–ბა
260 ## - PUBLICATION, DISTRIBUTION, ETC.
Date of publication, distribution, etc. 2008
300 ## - PHYSICAL DESCRIPTION
Extent 316გვ.
653 ## - INDEX TERM--UNCONTROLLED
Uncontrolled term საქართველოს ეთნოლოგია
942 ## - ADDED ENTRY ELEMENTS (KOHA)
Koha item type წიგნი
ეგზემპლარები
Withdrawn status Lost status Damaged status Not for loan Date acquired Barcode Date last seen Price effective from Koha item type
        2018-12-17 1225 2018-12-17 2018-12-17 წიგნი